Baťa v kostce
Salvato in:
| Autore principale: | |
|---|---|
| Natura: | Libro |
| Lingua: | ceco |
| Pubblicazione: |
Zlín
Kniha Zlín
2014
|
| Edizione: | 2. rozš. vyd. |
| Serie: | Edice WALT
|
| Soggetti: | |
| Tags: |
Nessun Tag, puoi essere il primo ad aggiungerne!!
|
MARC
| LEADER | 00000nam a2200000 4500 | ||
|---|---|---|---|
| 001 | 0198544 | ||
| 005 | 20240313085619.4 | ||
| 020 | |a 978-80-7473-170-9 | ||
| 041 | 0 | |a cze | |
| 044 | |a CZ | ||
| 245 | 1 | 0 | |a Baťa v kostce |c Zdeněk Pokluda |
| 250 | |a 2. rozš. vyd. | ||
| 264 | 1 | |a Zlín |b Kniha Zlín |c 2014 | |
| 300 | |a 126 s. | ||
| 490 | 1 | |a Edice WALT | |
| 830 | 0 | |a Edice WALT | |
| 610 | 2 | 0 | |a podnikatelia |
| 610 | 2 | 0 | |a osobnosť |
| 610 | 2 | 0 | |a myslenie ekonomické |
| 610 | 2 | 0 | |a stratégia podnikateľská |
| 610 | 2 | 0 | |a politika sociálna |
| 610 | 2 | 0 | |a podnikanie medzinárodné |
| 610 | 2 | 0 | |a firmy |
| 610 | 2 | 0 | |a vzťahy spoločenské |
| 610 | 2 | 0 | |a životopisy |
| 610 | 2 | 0 | |a Baťa, T. |
| 100 | 1 | |a Pokluda, Zdeněk | |